000
00274nam a22001217a 4500
008
181204b xxu||||| |||| 00| 0 eng d
041
_a
eng
080
_a
531
100
_a
43
101
_a
FIZ
245
_a
American Institute Physics Handbook
_c
Gray.e.g
942
_2
udc
_c
BK
999
_c
52751
_d
52751